Cartas de relación de la conquista de América (Record no. 10707)

MARC details
000 -CABECERA
campo de control de longitud fija 00886nam a2200241 a 4500
001 - NÚMERO DE CONTROL
campo de control BRL_1899
005 - FECHA Y HORA DE LA ÚLTIMA TRANSACCIÓN
campo de control 20190320211426.0
008 - DATOS DE LONGITUD FIJA--INFORMACIÓN GENERAL
campo de control de longitud fija 130815s19uu----mx-#######---#100-0#spa-#
041 ## - CÓDIGO DE LENGUA
Código de lengua del texto/banda sonora o título independiente spa
044 ## - CÓDIGO DEL PAÍS DE LA ENTIDAD EDITORA/PRODUCTORA
Código MARC del país mx
050 #4 - SIGNATURA TOPOGRÁFICA DE LA BIBLIOTECA DEL CONGRESO
Número de clasificación E111
Número de documento/Ítem .C37 1900
245 10 - MENCIÓN DE TÍTULO
Título Cartas de relación de la conquista de América
Resto del título textos originales de las cartas de Colón, Cortés, Alvarado, Godoy, Ulloa, Alvar Núñez y Valdivia
Mención de responsabilidad, etc. revisados y anotados por el Dr. Julio Le Riverend.
260 ## - PUBLICACIÓN, DISTRIBUCIÓN, ETC.
Lugar de publicación, distribución, etc. México
Nombre del editor, distribuidor, etc. Editorial Nueva España
Fecha de publicación, distribución, etc. [19--]
300 ## - DESCRIPCIÓN FÍSICA
Extensión 2v.
Dimensiones 18 cm.
440 #0 - MENCIÓN DE SERIE/PUNTO DE ACCESO ADICIONAL--TÍTULO
Título Colección Atenea
9 (RLIN) 28186
500 ## - NOTA GENERAL
Nota general v.1 Au1923, v.1 ej.2 Au1918 v.2 Au1924
500 ## - NOTA GENERAL
Nota general La biblioteca cuenta con dos ejemplares del volumen 1.
651 #4 - PUNTO DE ACCESO ADICIONAL DE MATERIA--NOMBRE GEOGRÁFICO
Nombre geográfico América
Subdivisión general Descubrimiento y exploración
9 (RLIN) 584
651 #4 - PUNTO DE ACCESO ADICIONAL DE MATERIA--NOMBRE GEOGRÁFICO
Nombre geográfico América
Subdivisión general Historia
9 (RLIN) 2377
700 1# - PUNTO DE ACCESO ADICIONAL--NOMBRE DE PERSONA
Nombre de persona Le Riverend, Julio
9 (RLIN) 28187
902 ## - CATALOGADOR
Iniciales GRL
942 ## - ELEMENTOS DE PUNTO DE ACCESO ADICIONAL (KOHA)
Fuente del sistema de clasificación o colocación Library of Congress Classification
Tipo de ítem Koha Libros
Holdings
Estado de retiro Estado de pérdida Estado dañado No para préstamo Localización permanente Ubicación/localización actual Fecha de adquisición Total de préstamos Signatura topográfica completa Código de barras Fecha visto por última vez Precio válido a partir de Tipo de ítem Koha
El ejemplar forma parte de la colección y puede ser consultado según las políticas vigentes.       Biblioteca Centro de Estudios Ruth D. Lechuga Biblioteca Centro de Estudios Ruth D. Lechuga 13/08/2015   E111 .C37 1900 GRL02101 22/03/2019 22/03/2019 Libros
El ejemplar forma parte de la colección y puede ser consultado según las políticas vigentes.       Biblioteca Centro de Estudios Ruth D. Lechuga Biblioteca Centro de Estudios Ruth D. Lechuga 21/01/2016   E111 .C37 1900 GRL02102 22/03/2019 22/03/2019 Libros
El ejemplar forma parte de la colección y puede ser consultado según las políticas vigentes.       Biblioteca Centro de Estudios Ruth D. Lechuga Biblioteca Centro de Estudios Ruth D. Lechuga 21/01/2016   E111 .C37 1900 GRL02103 22/03/2019 22/03/2019 Libros